[Event "GER-chT U10"]
[Site "Magdeburg"]
[Date "2015.12.27"]
[Round "1.3"]
[White "Soehlke, Arno"]
[Black "Beck, Felix"]
[Result "1/2-1/2"]
[WhiteElo "901"]
[BlackElo "1010"]
[PlyCount "56"]
[EventDate "2015.12.27"]
[EventType "team-swiss"]
[EventRounds "7"]
[EventCountry "GER"]
[SourceTitle "EXT 2017"]
[Source "ChessBase"]
[SourceDate "2016.10.25"]
[SourceVersion "1"]
[SourceVersionDate "2016.10.25"]
[SourceQuality "1"]
[WhiteTeam "Berlin Nord Ost II"]
[BlackTeam "Berlin Nord Ost"]
[WhiteTeamCountry "GER"]
[BlackTeamCountry "GER"]

1. d4 d5 2. c4 e6 3. Nc3 Nf6 4. e3 Nbd7 5. Bd3 Be7 6. Nf3 0-0 7. Bd2 b6 8. Ne5 Bb7 9. 0-0 Bd6 10. Nxd7 Qxd7 11. Qc2 c5 12. Nb5 a6 13. Nxd6 Qxd6 14. Bc3 Ne4 15. f3 Nxc3 16. Bxh7+ Kh8 17. bxc3 g6 18. Bxg6 fxg6 19. dxc5 Qxc5 20. Rfe1 Rf6 21. Red1 Qxe3+ 22. Kh1 dxc4 23. Rd7 Bd5 24. Rd1 Rxf3 25. Qxg6 Rf1+ 26. Rxf1 Bxg2+ 27. Kxg2 Rg8 28. Qxg8+ Kxg8 1/2-1/2